header

Major law and policy issues in the South China Sea : (Record no. 89419)

MARC details
000 -LEADER
fixed length control field 02277nam a2200481 i 4500
001 - CONTROL NUMBER
control field ebr10834489
003 - CONTROL NUMBER IDENTIFIER
control field CaPaEBR
006 - FIXED-LENGTH DATA ELEMENTS--ADDITIONAL MATERIAL CHARACTERISTICS--GENERAL INFORMATION
fixed length control field m o d
007 - PHYSICAL DESCRIPTION FIXED FIELD--GENERAL INFORMATION
fixed length control field cr cn|||||||||
008 - FIXED-LENGTH DATA ELEMENTS--GENERAL INFORMATION
fixed length control field 140214t20142014enk ob 001 0 eng d
020 ## - INTERNATIONAL STANDARD BOOK NUMBER
Cancelled/invalid ISBN 9781409455943
International Standard Book Number 9781409455950 (e-book)
International Standard Book Number 9781472401595 (e-book)
040 ## - CATALOGING SOURCE
Original cataloging agency CaPaEBR
Language of cataloging eng
Description conventions rda
-- pn
Transcribing agency CaPaEBR
035 ## - SYSTEM CONTROL NUMBER
System control number (OCoLC)874156629
043 ## - GEOGRAPHIC AREA CODE
Geographic area code ao-----
050 14 - LIBRARY OF CONGRESS CALL NUMBER
Classification number KZA1146.C6
Item number .M356 2014eb
082 04 - DEWEY DECIMAL CLASSIFICATION NUMBER
Classification number 341.4/50916472
Edition number 23
245 00 - TITLE STATEMENT
Title Major law and policy issues in the South China Sea :
Remainder of title European and American perspectives /
Statement of responsibility, etc edited by By Yann-Huei Song and Keyuan Zou ; Sam Bateman [and eleven others], contributors.
264 #1 - PRODUCTION, PUBLICATION, DISTRIBUTION, MANUFACTURE, AND COPYRIGHT NOTICE
Place of production, publication, distribution, manufacture Surrey, England ;
-- Burlington, Vermont :
Name of producer, publisher, distributor, manufacturer Ashgate,
Date of production, publication, distribution, manufacture, or copyright notice 2014.
Date of production, publication, distribution, manufacture, or copyright notice �2014
300 ## - PHYSICAL DESCRIPTION
Extent 1 online resource (327 pages).
336 ## - CONTENT TYPE
Content type term text
Source rdacontent
337 ## - MEDIA TYPE
Media type term computer
Source rdamedia
338 ## - CARRIER TYPE
Carrier type term online resource
Source rdacarrier
490 0# - SERIES STATEMENT
Series statement Contemporary Issues in the South China Sea
504 ## - BIBLIOGRAPHY, ETC. NOTE
Bibliography, etc Includes bibliographical references and index.
588 ## - SOURCE OF DESCRIPTION NOTE
Source of description note Description based on print version record.
590 ## - LOCAL NOTE (RLIN)
Local note Electronic reproduction. Palo Alto, Calif. : ebrary, 2014. Available via World Wide Web. Access may be limited to ebrary affiliated libraries.
650 #0 - SUBJECT ADDED ENTRY--TOPICAL TERM
Topical term or geographic name as entry element Law of the sea
Geographic subdivision South China Sea.
Topical term or geographic name as entry element Pacific settlement of international disputes.
Topical term or geographic name as entry element National security
Geographic subdivision South China Sea Region
General subdivision International cooperation.
Topical term or geographic name as entry element Territorial waters
Geographic subdivision South China Sea Region.
Topical term or geographic name as entry element Security, International
Geographic subdivision South China Sea Region.
651 #0 - SUBJECT ADDED ENTRY--GEOGRAPHIC NAME
Geographic name South China Sea
General subdivision Safety measures
-- International cooperation.
655 #0 - INDEX TERM--GENRE/FORM
Genre/form data or focus term Electronic books.
700 1# - ADDED ENTRY--PERSONAL NAME
Personal name Song, Yann-huei.
Personal name Zou, Keyuan.
Personal name Bateman, W. S. G.
Fuller form of name (Walter Samuel Grono)
776 08 - ADDITIONAL PHYSICAL FORM ENTRY
Display text Print version:
Title Major law and policy issues in the South China Sea : European and American perspectives.
Place, publisher, and date of publication Surrey, England ; Burlington, Vermont : Ashgate, c2014
Physical description xvi, 308 pages
Series data for related item Contemporary Issues in the South China Sea
International Standard Book Number 9781409455943
Record control number 2013025913
797 2# - LOCAL ADDED ENTRY--CORPORATE NAME (RLIN)
Corporate name or jurisdiction name as entry element ebrary.
856 40 - ELECTRONIC LOCATION AND ACCESS
Uniform Resource Identifier <a href="http://site.ebrary.com/lib/rucke/Doc?id=10834489">http://site.ebrary.com/lib/rucke/Doc?id=10834489</a>
Public note An electronic book accessible through the World Wide Web; click to view

No items available.

© 2026 Rongo University
Contact us: librarian | system librarian | Rongo university